000 00662nam a22001932 4500
001 0000006171
005 20151217145830.0
008 080115s xx 000 0 eng d
020 _a02508265 :
_cKES
040 _aKABU
_cKABU
245 1 0 _aEnvironment and development in Kenya :
_bresearch papers presented at the 1997/98 academy public lectures series on biodiversity /
_ceditor: Shem O. Wandiga.
260 _aNairobi :
_bKNAS,
_c2006.
300 _aix, 52 p.
650 0 _aBiodiversity
_xConservation
_zKenya.
_@0000157566
700 1 _aWandiga, Shem O.
_@0000157567
908 _a080115
950 _@1
999 _c3067
_d3067